000 00420nam a2200181Ia 4500
001 16808
005 20260306170338.0
008 260306t2016||||xx |||||||||||||| ||und||
041 _aESP
082 _a657
_bR68 2016
100 _aUniversidad del Pacífico
_eAUT
245 0 _aContabilidad I
260 _c2016
300 _a367 páginas :
_c22 cm.
650 _aGEN
654 _aCCO
942 _cLIB
_dJUS
_fJUS
_2ddc
_n
999 _c16808
_d16808